Profesjonaliści w Polskich Freak Fightach - Statystyki

Ogólne statystyki
  • Ten quiz został rozwiązany 22 razy
  • Średni wynik to 34 z 68
Statystyki odpowiedzi
Hint Odpowiedź % Poprawnych
Fame MMA, High League, Clout MMA Marcin Najman
94%
Fame MMA Michał Materla
89%
Fame MMA, Prime MMA Norman Parke
89%
Fame MMA Tomasz Adamek
83%
Fame MMA, Prime MMA Marcin Wrzosek
78%
Fame MMA, Clout MMA Michał Pasternak
78%
Fame MMA Borys Mańkowski
72%
Fame MMA, High League Mateusz Kubiszyn
72%
Fame MMA, High League, Prime MMA Ewa Brodnicka
67%
Fame MMA, Prime MMA Ewa Piątkowska
67%
Fame MMA, Clout MMA Gracjan Szadziński
67%
Clout MMA, Prime MMA Grzegorz Szulakowski
67%
Fame MMA Maciej Sulęcki
67%
Fame MMA Roberto Soldić
67%
Fame MMA, Clout MMA Tomasz Sarara
67%
High League Artur Szpilka
61%
Fame MMA, Prime MMA Dominik Zadora
61%
Fame MMA, Clout MMA Kamil Minda
61%
Fame MMA Karolina Owczarz
61%
Clout MMA, Prime MMA Marcin Siwy
61%
Fame MMA Tomasz Gromadzki
61%
Clout MMA Andrzej Fonfara
56%
Prime MMA Cezary Oleksiejczuk
56%
Fame MMA, Clout MMA Jay Silva
56%
Prime MMA Kacper Miklasz
56%
Fame MMA Kamil Łaszczyk
56%
Fame MMA Michał Królik
56%
Clout MMA Vasyl Halych
56%
High League Damian Janikowski
50%
Fame MMA Klaudia Syguła
50%
Fame MMA, Prime MMA Krzysztof Ryta
50%
Prime MMA Łukasz Parobiec
50%
Prime MMA Marcin Naruszczka
50%
Fame MMA Marcin Sianos
50%
Fame MMA Norbert Daszkiewicz
50%
Fame MMA Przemysław Szyszka
50%
Prime MMA Serigne Ousmane Dia
50%
High League Vaso Bakočević
50%
Fame MMA Artur Binkowski
44%
Prime MMA Daniel Rutkowski
44%
Prime MMA Erko Jun
44%
Fame MMA Filip Bątkowski
44%
Fame MMA Makhmud Muradov
44%
Prime MMA Paweł Trybała
44%
Fame MMA Piotr Hallmann
44%
High League Robert Burneika
44%
Clout MMA Albert Sosnowski
39%
Prime MMA Artur Sowiński
39%
Clout MMA Daniel Omielańczuk
39%
Prime MMA Dawid Skawiańczyk
39%
Fame MMA Gracjan Miś
39%
Prime MMA Mariusz Wach
39%
Fame MMA Oskar Wierzejski
39%
Clout MMA Salim Touahri
39%
Fame MMA Patryk Tołkaczewski
33%
Prime MMA Sergiusz Zając
33%
Prime MMA Adam Okniński
28%
Fame MMA Adrian Wieliczko
28%
Prime MMA Piotr Strus
28%
Prime MMA Rafał Jackiewicz
28%
Clout MMA Remigiusz Gruchała
28%
Fame MMA Roger Irlik
28%
Prime MMA Daniel Więcławski
22%
Fame MMA Jakub Kaczmarski
22%
Prime MMA Paweł Całkowski
22%
Prime MMA Artur Głuchowski
17%
Prime MMA Błażej Bahar
17%
Prime MMA Patryk Akinyeye
6%
Nie znaleziono quizów pasujących do podanych kryteriów
Rozkład punktacji
Procent ludzi z każdym wynikiem
Percentyl według liczby udzielonych odpowiedzi
Twoja historia wyników
Nie rozwiązałeś tego quizu